01403nam a2200241Ia 4500001000900000003001000009008004100019040002500060041001300085100002100098245005100119250001100170260006700181300001200248500026400260501011400524520026400638650004700902942000700949957000600956999004100962952015801003L120-813IT-CnALBA170116s9999||||xx |||||||||||||| ||und|| aIT-CnALBAcIT-CnALBA aITALIANO aZAMBONI GIUSEPPE 0aREALISMO CRITICO (IL) DELLA GNOSEOLOGIA PURA.  a1a ed. aVERONAbVERONESE LA TIPOGRAFICA EDITRICEc1936 [1° Ed.: n.d.] a178 p.  aDISACCORDO TRA TOMISMO E GNOSEOLOGIA. REALTÀ FENOMENICA E FENOMENISMO. STORIA E SVOLGIMENTO DEL PENSIERO FILOSOFICO. OGGETTO DELLA CONOSCENZA SENSIBILE. I DATI DEI CINQUE SENSI E L'IO. CONOSCENZA DELLA REALTÀ ONTOLOGICA. POLEMICA TRA ZAMBOBI E MONS. OLGIA aSocietà San Paolo EM - Piazza San Paolo, 14 - 12051 ALBA (CN) (non commercial uses only) ® Copyright 2017 aDISACCORDO TRA TOMISMO E GNOSEOLOGIA. REALTÀ FENOMENICA E FENOMENISMO. STORIA E SVOLGIMENTO DEL PENSIERO FILOSOFICO. OGGETTO DELLA CONOSCENZA SENSIBILE. I DATI DEI CINQUE SENSI E L'IO. CONOSCENZA DELLA REALTÀ ONTOLOGICA. POLEMICA TRA ZAMBOBI E MONS. OLGIA aGNOSEOLOGIA - CAUSALITÀ - FINE DELL'UOMO cBK 71 a911bSI g Copie: 1 c260048d260048 0010406L_12081371aALBAbALBAd2017-01-16l0oL120-813r2017-01-16 00:00:00w2017-01-16yBKz(data import: 16 gennaio 2017) - By Epidotti, Vaglietti.